| 000 | 01075nam a22002777a 4500 | ||
|---|---|---|---|
| 005 | 20240530110448.0 | ||
| 008 | 150502s2011 ua g b 000 0 ara d | ||
| 017 |
_a2010/21855 _bمصر . دار الكتب المصرية |
||
| 020 | _a9789774950520 | ||
| 040 | _aEG-CaGPL | ||
| 082 | 0 | 4 |
_221 _a953\ _bم ف |
| 100 | 0 | _aمحمد مؤنس عوض. | |
| 245 | 1 | 0 |
_aفى رحاب الحضارة الاسلامية فى العصور الوسطى / _cمحمد مؤنس عوض . |
| 250 | _aط1. | ||
| 260 |
_aالقاهرة : _bدار العالم العربى ، _c2011. |
||
| 300 |
_a600 ص ؛ _c24 سم. |
||
| 490 | 0 | _aصفحات جديدة من التارخ الاسلامى | |
| 504 | _aببليوجرافية : ص 453 - 600 | ||
| 650 | 0 | 4 | _aالحضارة الاسلامية. |
| 650 | 0 | 4 | _aالفن الاسلامى. |
| 650 | 0 | 4 | _aالعلوم عند العرب. |
| 650 | 0 | 4 | _aالحضارة العربية. |
| 650 | 0 | 4 |
_aالحضارة الاسلامية _xالاحوال السياسية. |
| 942 |
_2ddc _cBK |
||
| 999 |
_c61201 _d61201 |
||